000 00677cam a22002172 4500
001 0000001588
005 20151217145725.0
008 070316s xx 000 0 eng d
020 _a0333712374 :
_cKES 13,000
040 _aKABU
_cKABU
050 0 _aHC800
_b.A37
245 1 0 _aAfrican economies in transition. Volume 2 :
_bthe reform experience /
_cedited by Jo Ann Paulson.
260 _aLondon :
_bMacmillan Press,
_c1999.
300 _aix, 370 p.
362 0 _avol. 2.
651 0 _aAfrica
_xEconomic conditions.
_@0000150453
700 1 _aPaulson, Jo Ann.
_@0000150456
908 _a070316
950 _@1
999 _c1911
_d1911